History Quiz

Random History Quiz
Score 0/10 Timer 02:00
0 Plays Today
% Correct
soldier
78.9%
searches and seizures
75.4%
keep and bear arms
72.3%
speedy and public trial
64.5%
cruel and unusual punishments
64.2%
crime
56.4%
religion
52.9%
certain rights
36.4%
States
35.5%
common law
31.5%
Remove Ads.
Support Sporcle.
Get the best of Sporcle when you Go Orange. This ad-free experience offers more features, more stats, and more fun while also helping to support Sporcle. Thank you for becoming a member.

You're not logged in!

Compare scores with friends on all Sporcle quizzes.
OR
Log In

Show Comments

Extras

Top Quizzes Today


Score Distribution

Your Account Isn't Verified!

In order to create a playlist on Sporcle, you need to verify the email address you used during registration. Go to your Sporcle Settings to finish the process.

Report this User

Report this user for behavior that violates our Community Guidelines.

Details: